| 000 | 00641nam a2200205Ia 4500 | ||
|---|---|---|---|
| 005 | 20260429112333.0 | ||
| 008 | 260429s9999||||xx |||||||||||||| ||und|| | ||
| 020 | _a9789391950200 | ||
| 041 | _aHindi | ||
| 082 |
_a891.433 _bDEV |
||
| 100 | _aदेवी, महाश्वेता | ||
| 245 | 0 |
_aपचास कहानियां / _cमहाश्वेता देवी |
|
| 250 | _a1st rev. | ||
| 260 |
_aप्रयागराज : _bराधाकृष्ण प्रकाशन, _c2022. |
||
| 300 | _a431 p.; hb | ||
| 440 | _vVol. 2 | ||
| 650 | _aStories | ||
| 700 | _a घोष, मिता | ||
| 942 | _cTB | ||
| 999 |
_c53566 _d53566 |
||